ZMENKA AKO FINANČNÝ NÁSTROJ V OBCHODNOM STYKU PODNIKATEĽSKÝCH SUBJEKTOV

Bibliographic Details
Main Author: Hercegová, Katarína (Author)
Format: Article
Language:Slovak
ISBN:8071377562

MARC

LEADER 00000naa a2200000uu 4500
001 vtls011042589
003 SK-MaSNL
005 20260302120423.0
008 210904|2000 xo |||||||||||||||||slo|
015 |a SNBRA 
035 |a (urnnbn)urn:nbn:sk:snk:ar-008zkl 
035 |a (uuid)ec7adf1b-2f93-4214-96c0-f38495c41a3c 
035 |a urn:nbn:sk:snk-aauuyr 
040 |a SNKBUCL  |b slo  |c SNKBUCL  |e AACR2 
041 0 |a slo 
044 |a xo  |c SK 
100 1 |a Hercegová, Katarína  |4 aut  |9 40754 
245 1 0 |a ZMENKA AKO FINANČNÝ NÁSTROJ V OBCHODNOM STYKU PODNIKATEĽSKÝCH SUBJEKTOV  |c Katarína HERCEGOVÁ 
246 3 |a THE NOTE AS THE FINANCIAL TOLL IN TRAFIC CONTACT OF ENTERPRICE SUBJECTS 
773 0 |t Gnozeológia vývoja finančných nástrojov a ich pôsobenia na podnikateľské aktivity v PPoK  |d Nitra : Slovenská poľnohospodárska univerzita, 2000  |g S. 80-84  |z 8071377562 
958 |a OND 
958 |a article12 
958 |a chapter 
999 |c 1269633  |d 1271563